TOP 5 BOMBOCLAT - Statistics

General Stats
  • This quiz has been taken 0 times
  • The average score is 0 of 5
Answer Stats
Bomboclat Answer % Correct
100% Jamaica
0%
99.999% Jamaica
0%
99.99% Jamaica
0%
99.9% Jamaica
0%
99% Jamaica
0%
No matching quizzes found
Score Distribution
Percent of People with Each Score
Percentile by Number Answered
Your Score History
You have not taken this quiz